The secret of childhood / (Record no. 288458)
[ view plain ]
| 000 -LEADER | |
|---|---|
| fixed length control field | 00749cam a22002411 4500 |
| 001 - CONTROL NUMBER | |
| control field | 6597717 |
| 003 - CONTROL NUMBER IDENTIFIER | |
| control field | PILC |
| 005 - DATE AND TIME OF LATEST TRANSACTION | |
| control field | 20150824135457.0 |
| 008 - FIXED-LENGTH DATA ELEMENTS--GENERAL INFORMATION | |
| fixed length control field | 711201s1966 inu 000 0 eng |
| 010 ## - LIBRARY OF CONGRESS CONTROL NUMBER | |
| LC control number | 66020175 |
| 035 ## - SYSTEM CONTROL NUMBER | |
| System control number | (OCoLC)176842 |
| 040 ## - CATALOGING SOURCE | |
| Original cataloging agency | DLC |
| Transcribing agency | ODaWU |
| Modifying agency | OCoLC |
| -- | TxU |
| -- | DLC |
| 041 1# - LANGUAGE CODE | |
| Language code of text/sound track or separate title | engund |
| 050 00 - LIBRARY OF CONGRESS CALL NUMBER | |
| Classification number | LB 775 |
| Item number | .M785 1966 |
| 100 1# - MAIN ENTRY--PERSONAL NAME | |
| Personal name | Montessori, Maria, |
| Dates associated with a name | 1870-1952. |
| 245 14 - TITLE STATEMENT | |
| Title | The secret of childhood / |
| Statement of responsibility, etc | Maria Montessori ; translated by M. Joseph Costelloe. |
| 260 ## - PUBLICATION, DISTRIBUTION, ETC. (IMPRINT) | |
| Place of publication, distribution, etc | Notre Dame, Ind. : |
| Name of publisher, distributor, etc | Fides Publishers, |
| Date of publication, distribution, etc | 1966. |
| 300 ## - PHYSICAL DESCRIPTION | |
| Extent | xxvi, 216 pages : |
| Dimensions | 20 cm. |
| Other physical details | illustrations ; |
| 650 #0 - SUBJECT ADDED ENTRY--TOPICAL TERM | |
| Topical term or geographic name as entry element | Child development. |
| 650 #0 - SUBJECT ADDED ENTRY--TOPICAL TERM | |
| Topical term or geographic name as entry element | Education. |
| 906 ## - LOCAL DATA ELEMENT F, LDF (RLIN) | |
| a | 7 |
| b | cbc |
| c | oclcrpl |
| d | u |
| e | ncip |
| f | 19 |
| g | y-gencatlg |
| 942 ## - ADDED ENTRY ELEMENTS (KOHA) | |
| Source of classification or shelving scheme | Library of Congress Classification |
| Koha item type | Books |
| Call number prefix | Foreign |
| Withdrawn status | Lost status | Source of classification or shelving scheme | Damaged status | Home library | Current library | Shelving location | Date acquired | Source of acquisition | Sub Shelving location | Total Checkouts | Full call number | Barcode | Date last seen | Date checked out | Price effective from | Koha item type |
|---|---|---|---|---|---|---|---|---|---|---|---|---|---|---|---|---|
| Library of Congress Classification | College Library | College Library | General Circulation Section | 08/24/2015 | Donation | 1 | LB 775 .M785 1966 | C19752 | 05/15/2018 | 01/19/2016 | 08/24/2015 | Books |